Sociología de la educación : corrientes contemporáneas /

Uloženo v:
Podrobná bibliografie
Hlavní autor: González Rivera, Guillermo (coordinación)
Další autoři: Torres, Carlos Alberto (coordinación) (coordinación)
Médium: Kniha
Jazyk:španělština
Vydáno: México : Centro de Estudios Educativos, 1981
Tagy: Přidat tag
Žádné tagy, Buďte první, kdo vytvoří štítek k tomuto záznamu!

MARC

LEADER 00000nam^a2200000^a^4500
001 000560116
005 20250521000000.0
009 20260310131855.389
037 |a Acervo ITESO - Biblioteca 
041 |a ESP 
091 |a FGM. 01015 
100 |a González Rivera, Guillermo  |e (coordinación) 
245 1 0 |a Sociología de la educación :  |b corrientes contemporáneas / 
264 1 |a México :  |b Centro de Estudios Educativos,  |c 1981 
300 |a 458 p. 
336 |a texto  |b txt  |2 rdacontenido 
337 |a sin mediación  |b n  |2 rdamedio 
338 |a volumen  |b nc  |2 rdasoporte 
649 |a XX 
700 |a Torres, Carlos Alberto  |e (coordinación) 
910 |a Fondo Efraín González Morfín 
920 |a Impresos - Libros 
930 |a Fondos Especiales 
905 |a 130 
901 |a 0500385415  |b IT2  |c ESL  |i D91110  |u 20250521 
902 |a https://opac.biblio.iteso.mx/vufind/Record/000560116